LEADER 01425nam a2200289 4500 001 000000343865 003 CaOOAMICUS 005 20210120113751.0 008 210120s2018 it 000 u ita r 020 $a978-88-10-20397-2 040 $aSeMil$bita 100 1 $aBorras, Alphonse,$c.$0(OLS)http://semarc/name/37226 240 10$aQuand les prêtres viennent à manquer :$brepères théologiques et canoniques en temps de précarité.$0(OLS)http://semarc/title/432912 245 10$aQuando manca il prete :$baspetti teologici, canonici e pastorali /$cAlphonse Borras. 264 1$aBologna :$bEDB,$c2018. 300 $a160 p. ;$c22 cm 490 1 $aFede e annuncio 650 4$aChiesa cattolica - Mancanza di preti.$0(OLS)http://semarc/subject/18388 650 4$aAttività pastorale.$0(OLS)http://semarc/subject/49884 650 4$aParrocchia senza sacerdote.$0(OLS)http://semarc/subject/22400 830 0$aFede e annuncio.$0(OLS)http://semarc/title/11026 850 $aSeMil 852 $aSeMil$W1$xVenegono$y1$m2F III 647$j223603$B234923$CSeMilBibl$Z2$F234923 $Hnull $81 996 $6020$a978-88-10-20397-2$9(OLS)http://semarc/number/292134 996 $6245$aQuando manca il prete :$baspetti teologici, canonici e pastorali$9(OLS)http://semarc/title/432911 996 $6264$aBologna :$bEDB$9(OLS)http://semarc/publisher/29669 LEADER 01335nam a2200277 i 4500 001 000000182554 003 CaOOAMICUS 005 20151102000000.0 008 151102s2013 it u000 u ita u 013 $a160510 020 $a978-88-315-4401-6 040 $aSeMil$bita 100 1 $aVitali, Alberto,$d<1964->.$0(OLS)http://semarc/name/67262 245 10$aLuigi Bettazzi :$bil progetto e l'azione di un costruttore di pace /$cAlberto Vitali. 260 $aMilano :$bPaoline,$c2013. 300 $a158 p., [8] p. di tav. :$bill. ;$c21 cm. 490 0 $aDonne e uomini nella storia ;$v49 500 $aContiene : Bibliografia ; Cronologia della vita di Luigi Bettazzi. - Con dedica dell'Autore. 650 4$aBettazzi, Luigi - Scritti, discorsi, omelie, lettere pastorali, etc.$0(OLS)http://semarc/subject/20078 830 0$aDonne e uomini nella storia ;$v49.$0(OLS)http://semarc/title/10334 850 $aSeMil 852 $aSeMil$W1$xVenegono$y1$m3G III 373$j133258$B133258$CSeMilBibl$Z2$F145151 $81 961 $aOmaggio: Martinelli don Romano 996 $6020$a978-88-315-4401-6$9(OLS)http://semarc/number/172168 996 $6245$aLuigi Bettazzi :$bil progetto e l'azione di un costruttore di pace$9(OLS)http://semarc/title/261918 996 $6260$aMilano :$bPaoline$9(OLS)http://semarc/publisher/29684